[Event "HUN-chT Region CSB"]
[Site "Hungary"]
[Date "2022.04.09"]
[Round "10.4"]
[White "Joo, Gabor"]
[Black "Gyovai, Balint"]
[Result "1-0"]
[WhiteElo "1970"]
[BlackElo "1179"]
[PlyCount "45"]
[EventDate "2021.11.06"]
[EventType "team-swiss"]
[EventRounds "10"]
[EventCountry "HUN"]
[SourceTitle "EXT 2023"]
[Source "ChessBase"]
[SourceDate "2022.10.05"]
[SourceVersion "1"]
[SourceVersionDate "2022.10.05"]
[SourceQuality "1"]
[WhiteTeam "Vasalja Hatarmenti"]
[BlackTeam "Asvanyraro Szigetkoezi II"]
[WhiteTeamCountry "HUN"]
[BlackTeamCountry "HUN"]

1. d4 e6 2. Nf3 d5 3. e3 c5 4. b3 Nc6 5. Be2 Nf6 6. 0-0 Ne4 7. Bb2 cxd4 8. Nxd4 Nxd4 9. Qxd4 Qf6 10. Bb5+ Kd8 11. c4 Qxd4 12. Bxd4 a6 13. Ba4 f6 14. Bb6+ Ke7 15. f3 Nd6 16. cxd5 exd5 17. Nc3 Be6 18. Rfd1 Kf7 19. Nxd5 Bxd5 20. Rxd5 Be7 21. Bd7 Nc8 22. Bc7 b6 23. Bc6 1-0

[Event "HUN-chT2 Szechenyi 1819"]
[Site "Hungary"]
[Date "2019.03.10"]
[Round "7.4"]
[White "Kolimar, Kristof Pal"]
[Black "Joo, Gabor"]
[Result "1-0"]
[WhiteElo "1814"]
[BlackElo "1975"]
[PlyCount "113"]
[EventDate "2018.10.28"]
[EventType "team-tourn"]
[EventRounds "9"]
[EventCountry "HUN"]
[SourceTitle "EXT 2021"]
[Source "ChessBase"]
[SourceDate "2020.10.23"]
[SourceVersion "1"]
[SourceVersionDate "2020.10.23"]
[SourceQuality "1"]
[WhiteTeam "Veszprem Ezust Huszar"]
[BlackTeam "Haladas Szombathely III"]
[WhiteTeamCountry "HUN"]
[BlackTeamCountry "HUN"]

1. Nf3 Nf6 2. c4 e6 3. g3 b6 4. Bg2 Bb7 5. 0-0 Be7 6. d4 0-0 7. Nc3 d5 8. Ne5 c6 9. e4 dxc4 10. Nxc4 Nbd7 11. Bf4 Ne8 12. d5 cxd5 13. exd5 exd5 14. Nxd5 Bxd5 15. Qxd5 Rc8 16. Rac1 Nc5 17. Ne5 Qxd5 18. Bxd5 Nc7 19. Bg2 N7e6 20. Nc6 Bf6 21. Bd6 Rfe8 22. Nxa7 Rcd8 23. Bc6 Nd4 24. Bxe8 Ne2+ 25. Kg2 Nxc1 26. Bxc5 Rxe8 27. Rxc1 bxc5 28. Rxc5 Bxb2 29. Rc8 Kf8 30. a4 Rxc8 31. Nxc8 Ke8 32. Nb6 Kd8 33. Nc4 Bc3 34. f4 Kc7 35. Kf3 f6 36. Ke4 Kc6 37. a5 Bb4 38. a6 Bc5 39. Kf5 Kd5 40. Nd2 Bd4 41. Nf3 g6+ 42. Kg4 Be3 43. Nd2 Bg1 44. f5 Kc6 45. Nf3 Be3 46. Nh4 Bg1 47. h3 h5+ 48. Kf3 g5 49. Ng6 Bc5 50. Ke4 Bf2 51. g4 hxg4 52. hxg4 Bc5 53. Nh8 Bg1 54. Nf7 Bb6 55. Nh6 Bc7 56. a7 Kb7 57. Kd5 1-0

[Event "HUN-chT2 Szechenyi 1617"]
[Site "Hungary"]
[Date "2017.04.09"]
[Round "11.3"]
[White "Joo, Gabor"]
[Black "Egresi, Mate"]
[Result "0-1"]
[WhiteElo "2023"]
[BlackElo "2253"]
[PlyCount "168"]
[EventDate "2016.09.25"]
[EventType "team-tourn"]
[EventRounds "11"]
[EventCountry "HUN"]
[SourceTitle "EXT 2021"]
[Source "ChessBase"]
[SourceDate "2020.10.23"]
[SourceVersion "1"]
[SourceVersionDate "2020.10.23"]
[SourceQuality "1"]
[WhiteTeam "Haladas Szombathely III"]
[BlackTeam "Ajka Banyasz"]
[WhiteTeamCountry "HUN"]
[BlackTeamCountry "HUN"]

1. e4 d6 2. d4 Nf6 3. Nc3 c6 4. Nf3 Qa5 5. Bd3 e5 6. 0-0 Be7 7. h3 Nbd7 8. Be3 0-0 9. Qd2 Re8 10. Nd5 Bd8 11. Qxa5 Bxa5 12. Nxf6+ Nxf6 13. dxe5 dxe5 14. Bc5 Bc7 15. Rfe1 b6 16. Be3 h6 17. Bd2 Be6 18. Bc3 Nd7 19. b3 f6 20. Rad1 Red8 21. Nd2 Nc5 22. Be2 a5 23. a4 Rab8 24. f3 b5 25. axb5 cxb5 26. Nf1 a4 27. bxa4 bxa4 28. Ra1 Rdc8 29. Kh1 Bd6 30. Red1 Be7 31. Be1 Ra8 32. Ne3 a3 33. Bc4 Bxc4 34. Nxc4 Na4 35. Ne3 Nb6 36. Rdb1 Ra6 37. Ra2 Kf7 38. Bb4 Bxb4 39. Rxb4 Ke6 40. Rb3 Rca8 41. Kg1 g6 42. g4 h5 43. Kf2 h4 44. Ke2 Kf7 45. Kd3 Na4 46. Ke2 Nc5 47. Rc3 Ne6 48. Nd5 Nf4+ 49. Nxf4 exf4 50. Rb3 Ke6 51. Kd2 Ke5 52. Rb5+ Kd4 53. Rb3 Kc4 54. Rc3+ Kd4 55. Rb3 R8a7 56. Rd3+ Ke5 57. Kc1 Ra5 58. Kd2 R7a6 59. Kc1 Ra4 60. Rd5+ Ke6 61. Rd3 R4a5 62. Rb3 Kd6 63. Kd2 Ke5 64. Rc3 Ra4 65. Rc5+ Kd6 66. Rc3 Ra7 67. Rd3+ Ke7 68. Kc1 Rd7 69. Rxd7+ Kxd7 70. c3 Kc6 71. Kc2 Ra8 72. Kb3 Kc5 73. Rxa3 Rxa3+ 74. Kxa3 Kc4 75. Kb2 Kd3 76. Kb3 Ke3 77. c4 Kxf3 78. c5 Kg2 79. c6 f3 80. c7 f2 81. c8Q f1Q 82. Qe6 g5 83. Kc2 Kxh3 84. Kd2 Kg3 0-1

[Event "HUN-chT2 Szechenyi 1617"]
[Site "Hungary"]
[Date "2017.01.29"]
[Round "7.2"]
[White "Joo, Gabor"]
[Black "Toth, Daniel3333"]
[Result "1/2-1/2"]
[WhiteElo "2023"]
[BlackElo "2126"]
[PlyCount "30"]
[EventDate "2016.09.25"]
[EventType "team-tourn"]
[EventRounds "11"]
[EventCountry "HUN"]
[SourceTitle "EXT 2021"]
[Source "ChessBase"]
[SourceDate "2020.10.23"]
[SourceVersion "1"]
[SourceVersionDate "2020.10.23"]
[SourceQuality "1"]
[WhiteTeam "Haladas Szombathely III"]
[BlackTeam "Keszthely Spartacus"]
[WhiteTeamCountry "HUN"]
[BlackTeamCountry "HUN"]

1. e4 Nf6 2. Nc3 d5 3. exd5 Nxd5 4. Nxd5 Qxd5 5. Qf3 Qc5 6. c3 e5 7. d3 Nc6 8. Be3 Qb5 9. Qe2 Be7 10. d4 Qxe2+ 11. Nxe2 exd4 12. Nxd4 Nxd4 13. Bxd4 0-0 14. Bc4 Bd7 15. 0-0 c5 1/2-1/2

[Event "HUN-chT2 Szechenyi 1617"]
[Site "Hungary"]
[Date "2016.10.30"]
[Round "3.5"]
[White "Nagy, Tamas1111"]
[Black "Joo, Gabor"]
[Result "1/2-1/2"]
[WhiteElo "1919"]
[BlackElo "2023"]
[PlyCount "47"]
[EventDate "2016.09.25"]
[EventType "team-tourn"]
[EventRounds "11"]
[EventCountry "HUN"]
[SourceTitle "EXT 2021"]
[Source "ChessBase"]
[SourceDate "2020.10.23"]
[SourceVersion "1"]
[SourceVersionDate "2020.10.23"]
[SourceQuality "1"]
[WhiteTeam "Gyor Szechenyi"]
[BlackTeam "Haladas Szombathely III"]
[WhiteTeamCountry "HUN"]
[BlackTeamCountry "HUN"]

1. Nf3 Nf6 2. c4 e6 3. g3 d5 4. Bg2 Be7 5. 0-0 0-0 6. d4 c6 7. b3 b6 8. Nc3 Bb7 9. Qc2 Nbd7 10. cxd5 cxd5 11. Bb2 Rc8 12. Rac1 Ne4 13. Qd3 Ndf6 14. Ne5 Nxc3 15. Rxc3 Qd6 16. Rfc1 a6 17. R1c2 Rxc3 18. Rxc3 Rc8 19. Rxc8+ Bxc8 20. Qc3 Bb7 21. f3 Nd7 22. Nd3 Qc6 23. Kf2 Bd6 24. Qxc6 1/2-1/2

[Event "HUN-chT2 Charousek 1314"]
[Site "Hungary"]
[Date "2014.04.27"]
[Round "11"]
[White "Marosi, Levente"]
[Black "Joo, Gabor"]
[Result "1-0"]
[WhiteElo "2037"]
[BlackElo "2077"]
[PlyCount "139"]
[EventDate "2013.09.08"]
[EventType "team-tourn"]
[EventRounds "11"]
[EventCountry "HUN"]
[SourceTitle "EXT 2016"]
[Source "ChessBase"]
[SourceDate "2015.10.08"]
[SourceVersion "1"]
[SourceVersionDate "2015.10.08"]
[SourceQuality "1"]
[WhiteTeam "Geniusz Tata"]
[BlackTeam "Szombathely Haladas II"]
[WhiteTeamCountry "HUN"]
[BlackTeamCountry "HUN"]

1. e4 c5 2. Nf3 d6 3. d4 cxd4 4. Nxd4 Nf6 5. Nc3 g6 6. Be3 Bg7 7. f3 0-0 8. Qd2 Nc6 9. Bc4 Bd7 10. 0-0-0 Rc8 11. Bb3 Ne5 12. Kb1 Nc4 13. Bxc4 Rxc4 14. h4 h5 15. Rdg1 a6 16. g4 b5 17. gxh5 Nxh5 18. Nce2 Qc7 19. b3 Rc5 20. Ng3 Nxg3 21. Rxg3 d5 22. Ne2 d4 23. Bh6 Rc8 24. Bxg7 Kxg7 25. Rc1 e5 26. h5 Be8 27. hxg6 fxg6 28. Rh3 Bf7 29. Ng3 Kf6 30. Rh2 Rc3 31. Qh6 d3 32. Nh5+ Ke6 33. Ng7+ Kd6 34. Nf5+ Kd7 35. Ne3 dxc2+ 36. Rhxc2 Rxc2 37. Rxc2 Qd6 38. Qg7 Qe6 39. Rxc8 Kxc8 40. Nd5 Kb7 41. Qh8 Be8 42. Qg7+ Bf7 43. Qf8 Qd7 44. Qa8+ Kxa8 45. Nb6+ Kb7 46. Nxd7 Kc7 47. Nxe5 Be8 48. Kc2 Kd6 49. Nd3 g5 50. Kd2 a5 51. a3 Bf7 52. b4 axb4 53. axb4 Be8 54. Ke3 Bc6 55. Nf2 Ke5 56. Ng4+ Kd6 57. Kd4 Bd7 58. Nh6 Be6 59. Nf5+ Kc6 60. Ke5 Bc4 61. Kf6 Bf1 62. Kxg5 Kd7 63. Kf4 Ke6 64. Ke3 Ke5 65. f4+ Ke6 66. Kd4 Bg2 67. Ne3 Bf3 68. f5+ Kd6 69. e5+ Ke7 70. Kc5 1-0

[Event "HUN-chT2 Charousek 1314"]
[Site "Hungary"]
[Date "2013.11.17"]
[Round "5"]
[White "Molnar, Bela"]
[Black "Joo, Gabor"]
[Result "1-0"]
[WhiteElo "2313"]
[BlackElo "2077"]
[PlyCount "71"]
[EventDate "2013.09.08"]
[EventType "team-tourn"]
[EventRounds "11"]
[EventCountry "HUN"]
[SourceTitle "EXT 2016"]
[Source "ChessBase"]
[SourceDate "2015.10.08"]
[SourceVersion "1"]
[SourceVersionDate "2015.10.08"]
[SourceQuality "1"]
[WhiteTeam "Paks ASE II"]
[BlackTeam "Szombathely Haladas II"]
[WhiteTeamCountry "HUN"]
[BlackTeamCountry "HUN"]

1. e4 c5 2. Nf3 d6 3. d4 cxd4 4. Nxd4 Nf6 5. Nc3 a6 6. f3 g6 7. Be3 Bg7 8. Qd2 0-0 9. 0-0-0 Nc6 10. Nxc6 bxc6 11. Bc4 Be6 12. Bxe6 fxe6 13. Bh6 Qa5 14. Bxg7 Kxg7 15. Kb1 Rab8 16. b3 Qb4 17. e5 Nd5 18. Ne4 a5 19. h4 Rf4 20. exd6 Qxd2 21. Rxd2 exd6 22. Kb2 Ne3 23. Nxd6 Rd8 24. Nf5+ gxf5 25. Rxd8 Kf6 26. Ra8 Rd4 27. Re1 f4 28. Kc1 a4 29. Rf8+ Ke7 30. Rh8 a3 31. Rxh7+ Kf6 32. g4 c5 33. Rh6+ Kf7 34. Rh5 c4 35. Ra5 cxb3 36. axb3 1-0

[Event "HUN-chT2 Charousek 1314"]
[Site "Hungary"]
[Date "2013.09.22"]
[Round "2"]
[White "Joo, Gabor"]
[Black "Farago, Sandor"]
[Result "0-1"]
[WhiteElo "2077"]
[BlackElo "2254"]
[PlyCount "62"]
[EventDate "2013.09.08"]
[EventType "team-tourn"]
[EventRounds "11"]
[EventCountry "HUN"]
[SourceTitle "EXT 2016"]
[Source "ChessBase"]
[SourceDate "2015.10.08"]
[SourceVersion "1"]
[SourceVersionDate "2015.10.08"]
[SourceQuality "1"]
[WhiteTeam "Szombathely Haladas II"]
[BlackTeam "Taban Spartacus"]
[WhiteTeamCountry "HUN"]
[BlackTeamCountry "HUN"]

1. e4 c5 2. Nf3 e6 3. d4 cxd4 4. Nxd4 a6 5. Bd3 Qc7 6. 0-0 Nf6 7. Qe2 d6 8. c4 Nc6 9. Nxc6 bxc6 10. Nc3 Be7 11. b3 e5 12. h3 0-0 13. Bb2 g6 14. Qe3 Nh5 15. Ne2 Bf6 16. Qd2 Qa7 17. Kh2 Qe7 18. Qa5 Bg7 19. Rad1 f5 20. f3 Be6 21. Bb1 Rfd8 22. Ba3 Bf8 23. Qb6 Qe8 24. exf5 gxf5 25. Qe3 f4 26. Qe4 Ra7 27. Rd2 d5 28. cxd5 Bxa3 29. Qxe5 Bxd5 30. Qd4 Rg7 31. b4 Qe7 0-1

[Event "HUN-chT2 Szechenyi 1213"]
[Site "Hungary"]
[Date "2013.03.24"]
[Round "9.1"]
[White "Joo, Gabor"]
[Black "Sardy, Peter"]
[Result "1-0"]
[WhiteElo "2067"]
[BlackElo "2350"]
[PlyCount "133"]
[EventDate "2012.09.16"]
[EventType "team-tourn"]
[EventRounds "11"]
[EventCountry "HUN"]
[SourceTitle "EXT 2014"]
[Source "ChessBase"]
[SourceDate "2013.11.20"]
[SourceVersion "1"]
[SourceVersionDate "2013.11.20"]
[SourceQuality "1"]
[WhiteTeam "Haladas III"]
[BlackTeam "Lovo"]
[WhiteTeamCountry "HUN"]
[BlackTeamCountry "HUN"]

1. e4 c5 2. Nf3 e6 3. d4 cxd4 4. Nxd4 d6 5. Nc3 a6 6. Be2 b5 7. a3 Bb7 8. 0-0 Nf6 9. f3 Be7 10. Be3 0-0 11. Qe1 Nbd7 12. Qg3 Re8 13. Rad1 Bf8 14. Rd2 Rc8 15. Nd1 Qc7 16. Nf2 d5 17. Qxc7 Rxc7 18. exd5 Nxd5 19. Bg5 N7b6 20. Bh4 Ne3 21. Rb1 e5 22. Bg3 Rd7 23. Nb3 Rxd2 24. Nxd2 Nxc2 25. Bd3 Nd4 26. Re1 f6 27. f4 Nd7 28. Ng4 Bc5 29. Kf1 Rf8 30. Rc1 h5 31. Nf2 exf4 32. Bxf4 Ne6 33. Bg3 Be3 34. Bf5 Bd5 35. Bxe6+ Bxe6 36. Re1 Bxf2 37. Bxf2 Ne5 38. Bd4 Rd8 39. Bxe5 Rxd2 40. Bc3 Bc4+ 41. Kg1 Rc2 42. Rd1 Kf7 43. Rd2 Rc1+ 44. Kf2 Ke6 45. Bb4 Ke5 46. Bc3+ Ke4 47. Rd4+ Ke5 48. Rxc4+ Kd5 49. Rc7 g5 50. Rf7 Rc2+ 51. Kf3 g4+ 52. Kg3 a5 53. Rxf6 b4 54. axb4 axb4 55. Bxb4 Rxb2 56. Rf5+ Ke6 57. Bc3 Rc2 58. Re5+ Kf7 59. Re3 Kg6 60. Rd3 Re2 61. Rd6+ Kg5 62. Rd5+ Kg6 63. Bd2 Kf6 64. Bf4 h4+ 65. Kxg4 Rxg2+ 66. Kxh4 Rg8 67. Ra5 1-0

[Event "HUN-chT2 Charousek 1213"]
[Site "Hungary"]
[Date "2013.01.27"]
[Round "6"]
[White "Joo, Gabor"]
[Black "Szijjarto, Laszlo"]
[Result "1/2-1/2"]
[WhiteElo "2067"]
[BlackElo "1961"]
[PlyCount "85"]
[EventDate "2012.09.16"]
[EventType "team-tourn"]
[EventRounds "11"]
[EventCountry "HUN"]
[SourceTitle "EXT 2014"]
[Source "ChessBase"]
[SourceDate "2013.11.20"]
[SourceVersion "1"]
[SourceVersionDate "2013.11.20"]
[SourceQuality "1"]
[WhiteTeam "Haladas II"]
[BlackTeam "Paks II"]
[WhiteTeamCountry "HUN"]
[BlackTeamCountry "HUN"]

1. e4 d5 2. exd5 Nf6 3. d4 Nxd5 4. c4 Nb6 5. Nf3 Bg4 6. Be3 e6 7. Bd3 Bb4+ 8. Nc3 Nc6 9. a3 Bxf3 10. Qxf3 Ne5 11. Qe2 Bxc3+ 12. bxc3 Nxd3+ 13. Qxd3 0-0 14. 0-0 Rc8 15. Rfd1 Qe7 16. c5 Nd5 17. Bd2 Rfd8 18. Qf3 b6 19. c4 Nf6 20. cxb6 cxb6 21. Bb4 Qc7 22. Rac1 a5 23. Be1 e5 24. dxe5 Rxd1 25. Rxd1 Qxe5 26. Bc3 Qe4 27. Qg3 Qc2 28. Re1 Qg6 29. Qe3 Qc2 30. Bxf6 gxf6 31. Qxb6 Qc3 32. Qe3 Rxc4 33. g3 Qxe3 34. Rxe3 Ra4 35. Kf1 h5 36. h3 Kg7 37. Ke2 Kg6 38. Kd2 f5 39. Kc2 f4 40. Rc3 fxg3 41. fxg3 f5 42. Kb3 Re4 43. Rf3 1/2-1/2

[Event "HUN-chT2 Charousek 1112"]
[Site "Hungary"]
[Date "2012.01.29"]
[Round "5"]
[White "Szekeres, Robert"]
[Black "Joo, Gabor"]
[Result "1-0"]
[WhiteElo "2259"]
[BlackElo "2085"]
[PlyCount "57"]
[EventDate "2011.09.25"]
[EventType "team-tourn"]
[EventRounds "11"]
[EventCountry "HUN"]
[SourceTitle "EXT 2013"]
[Source "ChessBase"]
[SourceDate "2012.11.22"]
[SourceVersion "1"]
[SourceVersionDate "2012.11.22"]
[SourceQuality "1"]
[WhiteTeam "MLTC II"]
[BlackTeam "Haladas II"]
[WhiteTeamCountry "HUN"]
[BlackTeamCountry "HUN"]

1. d4 Nf6 2. Nf3 e6 3. c4 b6 4. a3 Bb7 5. Nc3 Be7 6. d5 0-0 7. e4 exd5 8. cxd5 d6 9. Bd3 Nbd7 10. Nd4 Ne5 11. Be2 Re8 12. 0-0 a6 13. f4 Ng6 14. g3 Nd7 15. Bf3 Bf6 16. b4 Ne7 17. Bb2 a5 18. Re1 axb4 19. axb4 Rxa1 20. Bxa1 Qa8 21. Ncb5 Qb8 22. Bg4 Bc8 23. Nc6 Qb7 24. e5 dxe5 25. fxe5 Bg5 26. e6 fxe6 27. Bxe6+ Kh8 28. Qh5 Nf6 29. Bxf6 1-0

[Event "HUN-chT2 Charousek 1011"]
[Site "Hungary"]
[Date "2011.05.15"]
[Round "11"]
[White "Szijarto, Laszlo"]
[Black "Joo, Gabor"]
[Result "1/2-1/2"]
[WhiteElo "1976"]
[BlackElo "2077"]
[PlyCount "80"]
[EventDate "2010.09.12"]
[EventType "team-tourn"]
[EventRounds "11"]
[EventCountry "HUN"]
[SourceTitle "EXT 2012"]
[Source "ChessBase"]
[SourceDate "2011.11.24"]
[SourceVersion "1"]
[SourceVersionDate "2011.11.24"]
[SourceQuality "1"]
[WhiteTeam "Paks II"]
[BlackTeam "Haladas II"]
[WhiteTeamCountry "HUN"]
[BlackTeamCountry "HUN"]

1. d4 Nf6 2. c4 e6 3. a3 b6 4. Nc3 d5 5. cxd5 exd5 6. Bg5 Be7 7. e3 Bf5 8. Nf3 0-0 9. h3 h6 10. Bh4 Re8 11. Bd3 Bxd3 12. Qxd3 Ne4 13. Bxe7 Rxe7 14. Ne5 Nxc3 15. Qxc3 Qd6 16. Rc1 c5 17. 0-0 Na6 18. Qc2 b5 19. a4 Rb8 20. b3 bxa4 21. bxa4 c4 22. Rb1 Reb7 23. Rxb7 Rxb7 24. e4 Nb4 25. Qe2 f6 26. Ng6 Qe6 27. f3 Nd3 28. Qc2 Rb2 29. Qc3 Rb3 30. Qa5 Kf7 31. Nh8+ Ke8 32. Qxa7 Nf4 33. exd5 Nxd5 34. Qa8+ Ke7 35. Ng6+ Kf7 36. Nh8+ Ke7 37. Ng6+ Kf7 38. Nh8+ Ke7 39. Qa7+ Ke8 40. Qa8+ Ke7 1/2-1/2

[Event "HUN-chT2 Charousek 1011"]
[Site "Hungary"]
[Date "2011.03.27"]
[Round "7"]
[White "Joo, Gabor"]
[Black "Novak, Attila Robert"]
[Result "1/2-1/2"]
[WhiteElo "2077"]
[BlackElo "2152"]
[PlyCount "51"]
[EventDate "2010.09.12"]
[EventType "team-tourn"]
[EventRounds "11"]
[EventCountry "HUN"]
[SourceTitle "EXT 2012"]
[Source "ChessBase"]
[SourceDate "2011.11.24"]
[SourceVersion "1"]
[SourceVersionDate "2011.11.24"]
[SourceQuality "1"]
[WhiteTeam "Haladas II"]
[BlackTeam "Balatonfuered"]
[WhiteTeamCountry "HUN"]
[BlackTeamCountry "HUN"]

1. e4 e6 2. d4 d5 3. Nd2 dxe4 4. Nxe4 Nd7 5. Nf3 Ngf6 6. Bg5 Be7 7. Nxf6+ Bxf6 8. Bxf6 Nxf6 9. Bd3 0-0 10. 0-0 b6 11. Qe2 Bb7 12. Rad1 Qd5 13. a3 Qh5 14. Ne5 Qxe2 15. Bxe2 Rad8 16. Bf3 Bxf3 17. Nxf3 Rd6 18. Rd3 Rfd8 19. Rfd1 Kf8 20. Kf1 Nd5 21. g3 Ne7 22. Ke2 Nd5 23. Kf1 Ne7 24. Ke2 Nd5 25. Kf1 Ne7 26. Ke2 1/2-1/2

[Event "HUN-chT2 Szechenyi 1011"]
[Site "Hungary"]
[Date "2010.09.12"]
[Round "1.4"]
[White "Domonkos, Daniel"]
[Black "Joo, Gabor"]
[Result "1/2-1/2"]
[WhiteElo "2096"]
[BlackElo "2077"]
[PlyCount "77"]
[EventDate "2010.09.12"]
[EventType "team-tourn"]
[EventRounds "11"]
[EventCountry "HUN"]
[SourceTitle "EXT 2012"]
[Source "ChessBase"]
[SourceDate "2011.11.24"]
[SourceVersion "1"]
[SourceVersionDate "2011.11.24"]
[SourceQuality "1"]
[WhiteTeam "Veszprem"]
[BlackTeam "HVSE Infraplan"]
[WhiteTeamCountry "HUN"]
[BlackTeamCountry "HUN"]

1. d4 Nf6 2. c4 e6 3. Nc3 d5 4. Bg5 Be7 5. e3 0-0 6. Nf3 b6 7. Qc2 Bb7 8. cxd5 Nxd5 9. Bxe7 Qxe7 10. Rc1 Nxc3 11. Qxc3 Rc8 12. Be2 Nd7 13. 0-0 c5 14. Qa3 Qf6 15. dxc5 Nxc5 16. b4 Ne4 17. Ba6 Qe7 18. Bxb7 Qxb7 19. Nd4 Rxc1 20. Rxc1 Rc8 21. f3 Nd6 22. Kf2 a6 23. Rxc8+ Qxc8 24. Qd3 g6 25. a4 Qc4 26. Ke2 Qxb4 27. Qxa6 Nc4 28. Kd3 Nb2+ 29. Ke2 Nxa4 30. Qc8+ Kg7 31. Qc7 Nc3+ 32. Kd3 Nd5 33. Qe5+ Kh6 34. h4 Qb1+ 35. Ke2 Qb2+ 36. Kf1 Qc1+ 37. Ke2 Qb2+ 38. Kf1 Qc1+ 39. Ke2 1/2-1/2